Убивця лісу (Запис № 579564)
[ простий вигляд ]
| 000 -Лідер | |
|---|---|
| fixed length control field | 01955 a2200229 4500 |
| 003 - Ідентифікатор контрольного номера | |
| control field | UA-OsUOA |
| 005 - Дата та час останнього входження (трансакції) | |
| control field | 20251210151606.0 |
| 008 - Елементи даних фіксованої довжини – загальна інформація | |
| fixed length control field | 251205b un ||||| |||| 00| 0 ukr d |
| 020 ## - Міжнародний стандартний книжковий номер (ISBN) | |
| Міжнародний стандартний книжковий номер (ISBN) (НП) | 9786178287573 |
| 040 ## - Джерело каталогізації | |
| Мова каталогізації | ukr |
| Агенція, яка здійснювала перезапис | UA-OsUOA |
| 080 ## - Індекс Універсальної десяткової класифікації | |
| Індекс Універсальної десяткової класифікації (УДК) (НП) | 821.161.2(71) |
| 090 ## - Локальний шифр розміщення | |
| Класифікаційний індекс УДК | 821.161.2(71) |
| Авторський знак (НП) | М86 |
| 100 ## - Основне введення – ім’я особи | |
| Ім’я особи (НП) | Мохамед П. |
| 9 (RLIN) | 22944 |
| 245 ## - Відомості про назву | |
| Назва (НП) | Убивця лісу |
| Дані про відповідальність (НП) | Прімі Мохамед ; пер. з англ. Мії Марченко |
| 260 ## - Публікація, розповсюдження і т.п. (Вихідні дані) | |
| Місце публікації, розповсюдження і т.п. (П) | Харків |
| Ім’я/ наймення видавництва, розповсюджувача і т.п. (П) | Жорж |
| Дата публікації, розповсюдження і т.п. (П) | 2025 |
| 300 ## - Фізичний опис | |
| Обсяг | 144 с. |
| 520 ## - Резюме і т.п. | |
| Резюме, реферат, анотація, тощо (НП) | На півночі країни, яку захопив жорстокий правитель Тиран, лежать прокляті ліси. Місцеві добре знають, що заходити туди не можна, бо вороття не буде. У цих хащах панує стародавня могутня магія. Веріс Торн — єдина, кому вдалося зайти в Північні ліси й повернутися. І тепер вона мусить зробити це знову, щоб знайти дітей Тирана, інакше він знищить її близьких і спопелить усе селище.<br/><br/>Чи вдасться їй цього разу оминути всі пастки, перехитрити древніх лісових монстрів і втекти від привидів власного минулого? Веріс має лише один день, щоб здійснити неможливе й врятувати тих, кого вона любить, і тих, кого б мала ненавидіти… |
| 650 ## - Додаткове предметне введення – тематичний термін | |
| Тематичний термін чи географічна назва, як елемент введення (НП) | 821 Художня література окремими мовами і мовними сім'ями |
| 9 (RLIN) | 17 |
| 942 ## - Додаткові елементи входу (Коха) | |
| Тип елемента Koha | Книги |
| Source of classification or shelving scheme | Universal Decimal Classification |
| 955 ## - Код типу видання за змістом | |
| Код типу видання за змістом (НП) | Літературно-художні видання |
| Стан вилучень | Стан втрат | Джерело класифікації або схеми стелажів | Стан уражень | Не для кредиту | Постійне місце розташування | Поточне розміщення | Дата придбання | Джерело придбання | Вартість, звичайна ціна покупки | Усього замовленно | Повний номер виклику | Штрих-код | Дата останнього перегляду | Вартість, ціна заміни | Ціна ефективна від | Тип елемента Koha |
|---|---|---|---|---|---|---|---|---|---|---|---|---|---|---|---|---|
| Universal Decimal Classification | АБ - Абонемент НБ | АБ - Абонемент НБ | 05/12/2025 | №65/05.12.2025 | 200.00 | 821.161.2(71) М86 | 169176 | 05/12/2025 | 200.00 | 05/12/2025 | Книги |